Catálogo - Centro de Recursos para el Aprendizaje y la Investigación

Volver al Sitio - CRAI Biblioteca

Aprendamos matemática: (Registro nro. 113833)

Detalles MARC
000 -CABECERA
campo de control de longitud fija 01383nam a22002657a 4500
001 - NÚMERO DE CONTROL
campo de control 113833
003 - IDENTIFICADOR DEL NÚMERO DE CONTROL
campo de control DR-UNIBE
005 - FECHA Y HORA DE LA ÚLTIMA TRANSACCIÓN
campo de control 20250708152114.0
008 - DATOS DE LONGITUD FIJA--INFORMACIÓN GENERAL
campo de control de longitud fija 250707b2006 dr ||||| |||| 00| 0 spa d
020 ## - NÚMERO INTERNACIONAL ESTÁNDAR DEL LIBRO
Número Internacional Estándar del Libro 9789945468656
040 ## - FUENTE DE LA CATALOGACIÓN
Centro catalogador/agencia de origen BIBLIOTECA UNIBE
Lengua de catalogación spa
Centro/agencia transcriptor BIBLIOTECA UNIBE
Normas de descripción rda
041 ## - CÓDIGO DE LENGUA
Código de lengua del texto/banda sonora o título independiente spa
082 ## - NÚMERO DE LA CLASIFICACIÓN DECIMAL DEWEY
Número de edición 22
Número de clasificación RD 372.7 T233am
100 #0 - ENTRADA PRINCIPAL--NOMBRE DE PERSONA
Nombre de persona Taveras de Frías, Reyita
Término indicativo de función/relación autor
-- editor
9 (RLIN) 112251
245 10 - MENCIÓN DE TÍTULO
Título Aprendamos matemática:
Resto del título cuarto grado /
Mención de responsabilidad, etc. Reyita Taveras de Frías
250 ## - MENCIÓN DE EDICIÓN
Mención de edición Primera edición
260 ## - PUBLICACIÓN, DISTRIBUCIÓN, ETC.
Lugar de publicación, distribución, etc. Santo Domingo:
Nombre del editor, distribuidor, etc. Alfa y Omega,
Fecha de publicación, distribución, etc. 2006
300 ## - DESCRIPCIÓN FÍSICA
Extensión 260 páginas :
Otras características físicas ilustraciones a color :
Dimensiones 27 x 21 cm
500 ## - NOTA GENERAL
Nota general Información sobre el autor al final de la obra, comentario de la misma en la contraportada
504 ## - NOTA DE BIBLIOGRAFÍA, ETC.
Nota de bibliografía, etc. Incluye bibliografía
505 ## - NOTA DE CONTENIDO CON FORMATO
Nota de contenido con formato Presentación |<br/>Unidad 1. Conjunto de los números naturales |<br/>Unidad 2. Números ordinales |<br/>Unidad 3. Sistema de numeración romana |<br/>Unidad 4. Operaciones con números naturales |<br/>Unidad 5. Conjunto de los números enteros, operaciones con números enteros |<br/>Unidad 6. Las fracciones |<br/>Unidad 7. Las medidas |<br/>Unidad 8. Geometría |<br/>Unidad 9. Nociones de estadísticas |<br/>Unidad 10. Nociones de probabilidades
650 #7 - PUNTO DE ACCESO ADICIONAL DE MATERIA--TÉRMINO DE MATERIA
Término de materia o nombre geográfico como elemento de entrada Matemática
Subdivisión general Enseñanza
-- Educación primaria
9 (RLIN) 197175
710 10 - PUNTO DE ACCESO ADICIONAL--NOMBRE DE ENTIDAD CORPORATIVA
Nombre de entidad corporativa o nombre de jurisdicción como elemento de entrada Editora Alfa y Omega
9 (RLIN) 197045
Término indicativo de función/relación diseñador
-- diagramador
942 ## - ELEMENTOS DE PUNTO DE ACCESO ADICIONAL (KOHA)
Fuente del sistema de clasificación o colocación Sistema de Clasificación Decimal Dewey
Tipo de ítem Koha Libro (general)
Existencias
Estado de retiro Estado de pérdida Fuente del sistema de clasificación o colocación No para préstamo Código de colección Localización permanente Fecha de adquisición Total de préstamos Signatura topográfica completa Código de barras Fecha visto por última vez Número de copia Precio válido a partir de Tipo de ítem Koha
  Disponible Sistema de Clasificación Decimal Dewey   General - Libros dominicanos Biblioteca Central UNIBE 07/05/2025   RD 372.7 T233am 250692 07/07/2025 Ej. 1 07/07/2025 Libro (general)